000 01080nam0a22002651 4500
001 v19\rc\1850575
005 20080221152641.1
035 _a(NLR Aleph) 004945977
090 _a5831497
_c5831497
100 _a20080221e19091908|||y0rusy50 ca
101 0 _arus
102 _aRU
105 _aa z |||a|
200 1 _aДеревня
_eСб. стихотворений рус. поэтов
_fС рис. Н.Н. Львовой, Н.А. Мартынова и др. и со снимками картин извест. художников
210 _aМосква
_cтип.-лит. "Рус. т-во печ. и изд. дела"
_d1909
215 _a48 с.
_cил.
_d20
311 _aОтт. из изд.: Б-ка "Семьи и школы". 1908, кн. 6
488 0 _12001#$aБиблиотека "Семьи и школы"$v1908, кн. 6
702 1 _aЛьвова
_bН. Н.
_4440
702 1 _aМартынов
_bН. А.
_gНиколай Авенирович
_4440
801 0 _aRU
_bNLR
_gpsbo
801 1 _aRU
_bProSoft-M
_2rusmarc
852 _aNLR
_j37.22.4.6
942 _cBOOK
980 _aNB